| 000 | 00634nam a2200253Ia 4500 | ||
|---|---|---|---|
| 003 | OSt | ||
| 005 | 20221007071235.0 | ||
| 006 | a|||||r|||| 00| 0 | ||
| 007 | ta | ||
| 008 | 221006b |||||||| |||| 00| 0 eng d | ||
| 024 | _a3,362 | ||
| 037 | _cTextual | ||
| 040 |
_aFLL _cFLL _beng |
||
| 041 |
_2eng _aeng |
||
| 082 | _aZ3V, L2 | ||
| 100 |
_aWalker R.J. _947094 |
||
| 245 | 0 | _aEnglish legal system | |
| 250 | _a3rd | ||
| 260 |
_aLondon _bButter worths U.K _c1972 |
||
| 300 |
_axxxiv,577 _ccm. |
||
| 650 |
_aEnglish system _9688396 |
||
| 942 |
_hZ3V, L2 _cTEXL _2CC |
||
| 999 |
_c1142849 _d1142849 |
||